000 00333nam a2200133Ia 4500
003 GCL
008 140319s9999 xx 000 0 ara d
040 _aGCL /
_cGCL
082 0 4 _a814
_bك ص
245 1 0 _aصالون من ورق
260 _a[S.N] :
_bالمكتب المصرى الحديث ،
_c1978
300 _a309 ص
490 _a
999 _c37551
_d37551